| 000 | 00677nam a2200241Ia 4500 | ||
|---|---|---|---|
| 003 | OSt | ||
| 005 | 20221007063301.0 | ||
| 006 | a|||||r|||| 00| 0 | ||
| 007 | ta | ||
| 008 | 221006b |||||||| |||| 00| 0 eng d | ||
| 024 | _a1,168 | ||
| 037 | _cReference Collections | ||
| 040 |
_aFLL _cFLL _beng |
||
| 041 |
_2eng _aeng |
||
| 082 | _aX:977:Z2, L3 | ||
| 100 |
_aKulkarni R. S. _9612559 |
||
| 245 | 0 | _aIndustrial adjudication | |
| 260 |
_aBombay _bProgressive Corporation Private Limited India _c1973 |
||
| 300 |
_a347p _ccm. |
||
| 650 | _aIndustrial Law | ||
| 942 |
_hX:977:Z2, L3 _cREF _2CC |
||
| 999 |
_c1130869 _d1130869 |
||